| 000 | 00739nam a2200253Ia 4500 | ||
|---|---|---|---|
| 008 | 170711s9999 xx 000 0 und d | ||
| 020 | _a737701889 | ||
| 050 | _a812.52 | ||
| 050 | _bR287 2000 | ||
| 245 | _aReadings on our town / | ||
| 245 | _cedited by Thomas Seibold. | ||
| 260 | _aUSA : | ||
| 260 | _bGreenhaven Press, | ||
| 260 | _c2000 | ||
| 300 | _a176 pages : | ||
| 300 | _billustrations ; | ||
| 300 | _c21cm. | ||
| 440 | _aThe greenhaven press literary companion to American literature. | ||
| 500 | _aIncludes chronology, bibliographic reference and index. | ||
| 650 | _aWilder, Thornton, 1897-1975. Our town. | ||
| 650 | _xCity and town life in literature. | ||
| 700 | _aSeries. | ||
| 700 | _aSiebold, Thomas. | ||
| 999 |
_c339657 _d339657 |
||